[Event "Vienna m"]
[Site "Vienna"]
[Date "2015.08.23"]
[Round "6"]
[White "Ragger, Markus"]
[Black "Mamedyarov, Shakhriyar"]
[Result "1/2-1/2"]
[WhiteElo "2688"]
[BlackElo "2735"]
[Annotator "CB"]
[PlyCount "62"]
[EventDate "2015.08.17"]
[EventType "match"]
[EventRounds "6"]
[EventCountry "AUT"]
[SourceTitle "CBM 168"]
[Source "ChessBase"]
[SourceDate "2015.09.14"]
[SourceVersion "1"]
[SourceVersionDate "2015.09.14"]
[SourceQuality "1"]

1. d4 Nf6 2. c4 e6 3. Nf3 b6 4. g3 Ba6 5. b3 Bb7 6. Bg2 Bb4+ 7. Bd2 a5 8. O-O
O-O 9. Nc3 d6 10. Qc2 Nbd7 11. Rfe1 Bxc3 12. Bxc3 Be4 13. Qb2 c6 {In der
sechsten und letzten Partie des Wettkampfs zwischen Ragger und Mamedyarov
folgen beide Spieler einer oft gespielten Variante der damenindischen
Verteidigung, zuletzt gespielt in einer Partie zwischen Aronian und Agdestein.
Letzterer war als Coach norwegischer Jugendlicher beim Open in Wien und hat
beim Blitzturnier den dritten Platz belegt.} 14. Bf1 (14. Rac1 h6 15. Bf1 b5
16. Bd2 bxc4 17. bxc4 Re8 18. Red1 Qc7 19. Qa3 c5 20. dxc5 dxc5 21. Ne1 Bb7 22.
f3 e5 23. e4 Nf8 24. Ng2 Ne6 25. Ne3 Nd4 26. Nd5 Qd6 27. Kg2 Nd7 28. Rb1 Reb8
29. Kf2 Bc6 30. Bc3 Rb4 31. Bxb4 axb4 32. Qb2 Bxd5 33. cxd5 Nb6 34. Rbc1 Na4
35. Qd2 Nc3 36. Rxc3 bxc3 37. Qxc3 Rxa2+ 38. Rd2 Rxd2+ 39. Qxd2 Qb6 40. Bc4 g5
41. Kg2 {1/2-1/2 (41) Aronian,L (2815)-Agdestein,S (2628) Stavanger 2014})
14... b5 15. Nd2 {Analog zum Vorgänger von Aronian war hier Tac1 möglich.
Ragger forciert die Ereignisse unter Aufgabe des Läuferpaares.} b4 16. Nxe4
Nxe4 17. Bd2 Nxd2 18. Qxd2 c5 {Schwarz fixiert die weißen Bauern und hofft
auf einen guten Springer gegen einen schlechten Läufer.} 19. a3 ({
Selbstverständich nicht} 19. d5 e5 {und der Läufer wird immer schlechter.})
19... cxd4 20. axb4 ({Eine Ungenauigkeit wäre} 20. Qxd4 $6 Nc5 21. Reb1 a4 $15
{mit leichtem Vorteil für Schwarz.}) 20... axb4 21. Qxb4 ({Hier folgt auf} 21.
Qxd4 {einfach} Qf6) 21... Nc5 22. Rab1 $6 (22. Rxa8 Qxa8 23. e3 d3 24. Qd2 Rb8
25. b4 Ne4 26. Qxd3 Rxb4 {mit Ausgleich.}) 22... Ra2 ({Interessant war auch} 
22... Ne4 23. Bg2 Rb8 24. Qa3 Nc3 $15) 23. Red1 Qf6 {Mamedyarov steht bereits
aktiver und Ragger musss aufpassen, dass die Stellung nicht entgleitet. Der
nächste Zug ist notwendige Prophylaxe.} 24. Qe1 Ne4 25. Ra1 Rb2 26. Rab1 Ra2
27. Ra1 Rb2 28. Rab1 Ra2 {An dieser Stelle verzichtet Ragger dreimalige
Stellungswiederholung zu reklamieren. Er hätte dies bereits tun können, wenn
er dem Schiedsrichter seine Absicht bekundet erneut Ta1 zu spielen.} 29. Ra1
Raa8 $6 {Jetzt weicht Mamedyarov der Zugwiederholung aus.} 30. Rdb1 {
Stattdessen hätte sich Ragger mit} (30. Rxa8 Rxa8 31. Bg2 d5 32. Bxe4 dxe4 33.
b4 {mit zwei verbunden Bauern am Damenflügel leichten Vorteil verschaffen
können.}) 30... Nc5 31. Qb4 $6 {Eine seltsame Ungenauigkeit.} Qd8 {Mit einem
Remisangebot sichert sich Mamedyarov den 3,5:2,5 Matchsieg. Stattdessen hätte}
(31... Rab8 $1 32. Qe1 (32. Qa3 Ne4 33. f3 Nc3 34. Rb2 d5 $17) 32... Nxb3 $17 {
den letzten weißen Zug bestrafen können.}) 1/2-1/2

[Event "Biel GM 41st"]
[Site "Biel"]
[Date "2008.07.26"]
[Round "6"]
[White "Pelletier, Yannick"]
[Black "Carlsen, Magnus"]
[Result "0-1"]
[WhiteElo "2569"]
[BlackElo "2775"]
[Annotator "Carlsen,M"]
[PlyCount "80"]
[EventDate "2008.07.20"]
[EventType "tourn"]
[EventRounds "10"]
[EventCountry "SUI"]
[EventCategory "18"]
[SourceTitle "CBM 126"]
[Source "ChessBase"]
[SourceDate "2008.10.01"]
[SourceVersion "1"]
[SourceVersionDate "2008.10.01"]
[SourceQuality "1"]

1. d4 Nf6 2. Nf3 e6 3. c4 b6 4. g3 Ba6 5. b3 Bb4+ 6. Bd2 Be7 7. Bg2 d5 {
I wanted to play for a win. I don't know about Yannick's intentions, but
anyway 7...c6 wasn't satisfactory. Ich wollte auf Gewinn spielen. Ich weiß
nicht, wie es um Yannicks Absichten bestellt war, aber so oder so war 7...c6
jedenfalls nicht zufriedenstellend.} 8. cxd5 exd5 9. Nc3 O-O 10. O-O Bb7 11.
Rc1 Nbd7 {The normal way to treat these positions is to put the knight on a6,
from where it can be transferred to e6 via c7 after having played ...c5. The
text move was played by Leko against van Wely in Dortmund. The knight will
still usually go to e6, in this case via f8.  Die normale Behandlungsweise
dieser Stellungen besteht darin, den Springer nach a6 zu stellen, von wo er
nach ...c5 über c7 nach e6 überführt werden kann. Der Textzug wurde von Leko
gegen van Wely in Dortmund gespielt. Der Springer wird meist trotzdem nach e6
gehen, in diesem Fall über f8.} 12. Bf4 {With the knight on d7 it is better to
put the pawn on c6, because d5 would be weaker than with the knight on a6, and
in addition the c7-square would not be covered in case of an eventual Nb5. Mit
dem Springer auf d7 ist es besser, den Bauern nach c6 zu stellen, denn ohne
den Springer auf a6 wäre d5 schwächer, und außerdem wäre im Fall eines
eventuellen Nb5 das Feld c7 nicht gedeckt.} c6 13. Qc2 Re8 14. Rcd1 {The idea
of this slightly weird-looking move is to play Ne5, when the rook would be
well placed on d1. However, after Black's response, Ne5 will not really have
the desired effect, and White will have to change plans. Still the move cannot
really be called a mistake, as nothing much is happening here anyway, and a
tempo loss isn't that serious. Die Idee dieses etwas seltsam wirkenden Zuges
ist, Ne5 zu spielen, wonach der Turm auf d1 gut stände. Doch nach der
schwarzen Erwiderung wird Ne5 eindeutig nicht den gewünschten Effekt haben,
und Weiß wird umdenken müssen. Trotzdem ist der Zug nicht wirklich als Fehler
zu bezeichnen, da sowieso nicht viel los ist und ein Tempoverlust nicht so
tragisch ausfällt.} Bb4 $1 15. Bd2 (15. Ne5 Nxe5 16. Bxe5 (16. dxe5 Ng4) 16...
Nd7 {fails to impress. vermag nicht zu beeindrucken.}) 15... Rc8 16. Qb2 Qe7
17. Rfe1 Qf8 {A totally unnecessary move, as e4 Bxc3 exd5 will probably never
really be an issue. However, since my opponent had already consumed a lot of
time, and didn't seem to have found a plan, I thought it might be a good idea
to just wait and see. Ein total unnötiger Zug, da e4 Bxc3 exd5 wahrscheinlich
nie wirklich ein Thema sein wird. Aber da mein Gegner bereits eine Menge Zeit
verbraucht hatte und keinen Plan gefunden zu haben schien, hielt ich es für
eine gute Idee, einfach abzuwarten.} 18. Bh3 Rcd8 19. Qc2 h6 $5 ({The normal
Das normale} 19... Ne4 20. Nxe4 dxe4 21. Bxd7 Rxd7 22. Bxb4 Qxb4 23. Ne5 Rxd4
24. Nxc6 Bxc6 25. Qxc6 Red8 26. Rxd4 $1 {is obviously fine for Black, but not
especially interesting. I wanted to keep the pieces on the board! ist
offensichtlich in Ordnung für Schwarz, aber nicht sonderlich interessant. Ich
wollte die Figuren auf dem Brett behalten!}) 20. Nh4 {Probably a good move,
even if this is what I wanted to provoke with my previous move. The knight
looks nice on f5, but it is also a bit loose. Wahrscheinlich ein guter Zug,
auch wenn ich genau dies mit meinem vorigen Zug provozieren wollte. Der
Springer sieht gut aus auf f5, hängt aber auch ein bisschen in der Luft.} c5
21. Nf5 a6 {I felt that I had to cover the b5-square, and this certainly felt
more natural than the computer suggestion of Ba6. Ich spürte, dass ich das
Feld b5 decken musste, und dies fühlte sich gewiss natürlicher an als der
Computervorschlag Ba6.} 22. Qb2 Bxc3 {I decided that it was time to ease the
pressure. Ich beschloss, dass es Zeit war, den Druck zu lindern.} ({Rybka's
suggestion of Rybkas Vorschlag} 22... cxd4 23. Nxd4 Ne5 {with nice piece play
as compensation for the isolated pawn is probably also fine. mit schönem
Figurenspiel als Kompensation für den isolierten Bauern ist wahrscheinlich
auch gut.}) 23. Bxc3 Ne4 24. dxc5 Nxc3 25. Qxc3 bxc5 26. Qa5 Nf6 27. Qb6 $2 {
The critical moment in the game. Pelletier got too excited and missed a simple
tactic, after which the white pieces are suddenly loose, and soon everything
falls apart. Der kritische Moment in der Partie. Pelletier wurde zu aufgeregt
und übersah eine einfache taktische Wendung, wonach die weißen Figuren
plötzlich in der Luft hängen, und bald fällt alles auseinander.} (27. Rc1 Ne4
28. Bg2 Bc8 {or oder}) (27. Bg2 {would have led to a normal position, where
Black has a weak pawn pair in the centre, but should have sufficient dynamic
counterplay, often connected with the ideas of d4 and Ne4. hätte zu einer
normalen Stellung geführt, wo Schwarz ein schwaches Bauernpaar im Zentrum
verfügt, aber genügend dynamisches Gegenspiel haben sollte, oft verbunden mit
den Ideen d4 und Ne4.}) 27... Bc8 $1 28. Kg2 (28. Nxh6+ gxh6 29. Bxc8 Rd6 $1 {
is what Pelletier had missed. ist, was Pelletier übersehen hatte.}) (28. f3 Be6
29. e4 g6 30. g4 {is a slightly better chance according to Rybka, but I will
refrain from taking this varation any further, as I guess neither of us
calculated this, and the position really confuses me. Anyway, Black must be
winning here. ist eine etwas bessere Chance laut Rybka, aber ich werde darauf
verzichten, diese Variante weiter auszuführen, da m.E. keiner von uns dies
berechnet hatte und mich außerdem die Stellung wirklich verwirrt. So oder so,
Schwarz muss hier auf Gewinn stehen.}) 28... Ne4 29. f3 Ng5 (29... Nc3 {
was another interesting possibilty, which I in the end rejected because after
war eine weitere interssante Möglichkeit, welche ich am Ende verwarf, weil ich
nach} 30. Rd3 (30. Rd2 d4 {with ...Nd5 to come is deadly. nebst ...Nd5 ist
tödlich.}) 30... Nxe2 31. Re3 Bxf5 32. R3xe2 Rxe2+ 33. Rxe2 Bd3 {I would
"only" be a pawn up. "nur" einen Bauer mehr hätte.}) 30. g4 h5 {The most
effective. Am effektivsten.} 31. Rc1 g6 $6 (31... Nxh3 {was more accurate. My
choice in the game was based on an oversight. war genauer. Meine Wahl in der
Partie fusst auf einem Versehen..} 32. Kxh3 hxg4+ 33. fxg4 g6 34. Ng3 Qh6+ 35.
Kg2 Bxg4 {would transpose to the game. würde zur Partie führen.}) 32. Ng3 Nxh3
(32... Qh6 {was my intention, but this fails to war meine Absicht, dies
scheitert aber an} 33. Nxh5 (33. Nf5 {is also reasonable. ist ebenfalls
vernünftig.}) 33... Nxh3 34. Nf6+) 33. Kxh3 hxg4+ 34. fxg4 $6 (34. Kg2 {
was a better chance, even if Black is nearly winning anyway. war eine bessere
Chance, auch wenn Schwarz trotzdem nahezu auf Gewinn steht.}) 34... Qh6+ 35.
Kg2 Bxg4 36. Qxc5 {Losing immediately, but it was hard to suggest anything
reasonable anyway. Verliert auf der Stelle, aber es war auch schwer, etwas
Vernünftiges vorzuschlagen.} Re3 $2 (36... Rc8 {is the most obvious move, and
I tried for a while to find a forced win after it. Unfortunately the right
solution ist der offensichtlichste Zug, und ich versuchte eine Weile, danach
einen forcierten Gewinn zu finden. Leider kam mir die richtige Lösung} 37. Qa3
Rxe2+ $1 38. Nxe2 (38. Rxe2 Rxc1 $19) 38... Qh3+ 39. Kf2 Qf3+ 40. Kg1 Qe3+ 41.
Kg2 Bh3+ {with mate never crossed my mind. nebst Matt niemals in den Sinn.})
37. Qd4 {In serious time-trouble Pelletier allows a combination. It has to be
said that White was in serious trouble anyway though. In ernster Zeitnot lässt
Pelletier eine Kombination zu. Dazu ist zu sagen, dass Weiß sowieso in großen
Schwierigkeiten steckte.} (37. Kg1 {is what I considered the best defence,
after which I planned hielt ich für die beste Verteidigung, wonach ich} Rc8 38.
Qa3 Rce8 {which should still give Black a practically winning advantage.
plante, was Schwarz noch immer einen praktisch gewinnbringenden Vorteil geben
sollte.}) 37... Qh3+ 38. Kg1 Rxg3+ 39. hxg3 Qxg3+ 40. Kh1 Bf5 {Pelletier
resigned because of Pelletier gab auf wegen} (40... Bf5 41. Red1 Qg5 $1 {
protecting d8 in case of Qxe4. The decisive Be4 will now follow. , was d8
deckt für den Fall von Qxe4. Das entscheidende Be4 wird nun folgen.}) 0-1

[Event "Buenos Aires"]
[Site "Buenos Aires"]
[Date "1980.??.??"]
[Round "?"]
[White "Timman, Jan H"]
[Black "Hort, Vlastimil"]
[Result "1/2-1/2"]
[WhiteElo "2600"]
[BlackElo "2595"]
[Annotator "Chekhov,V"]
[PlyCount "58"]
[EventDate "1980.10.15"]
[EventType "tourn"]
[EventRounds "13"]
[EventCountry "ARG"]
[EventCategory "13"]
[SourceTitle "MCL"]
[Source "ChessBase"]
[SourceDate "1999.07.01"]
[SourceVersion "1"]
[SourceVersionDate "1999.07.01"]
[SourceQuality "1"]

1. d4 Nf6 2. c4 e6 3. Nf3 b6 4. g3 Ba6 5. b3 c6 6. Bg2 Bb4+ 7. Bd2 Be7 8. O-O (
8. Bc3 d5 9. Ne5 Nfd7 10. Nxd7 Nxd7 11. Nd2 O-O 12. O-O Rc8 13. e4 c5 14. exd5
exd5 15. dxc5 dxc4 16. c6 cxb3 17. Re1 Bb5 18. axb3 Bxc6 19. Bxc6 Rxc6 20. Rxa7
Bf6 21. Nc4 Nc5 22. Qxd8 Rxd8 23. Bxf6 Rxf6 24. b4 $1 $14 {Karpov,An-Beliavsky,
A/Linares/1993/1:0 (41) Inf 57/113/}) 8... d5 9. Qc2 Nbd7 $10 10. Rd1 O-O 11.
a4 Bd6 12. a5 Qe7 13. Bf4 Bxf4 (13... Bb4 14. axb6 (14. Bd2 Bd6 $10) 14... axb6
15. Nbd2) 14. gxf4 c5 15. Ne5 Rfc8 (15... cxd4 $5 16. Nc6 Qc5 17. Nxd4 Rac8 (
17... Rfc8 $5) 18. axb6 Qxb6 19. Qa2 Bb7 20. Qxa7) 16. Qb2 cxd4 17. Rxd4 Rab8
18. Nc3 bxa5 $1 19. cxd5 (19. Rxa5 Bxc4) 19... exd5 20. Nxd7 (20. Rxa5 Nxe5 21.
Rxa6 (21. fxe5 Qxe5) 21... Nc6 22. Rd2 Nb4 $13) 20... Qxd7 21. Nxd5 (21. Rxa5
Bc4 22. Ra3 (22. Nxd5 Nxd5 23. Bxd5 Rxb3 $1) 22... Qc7 {/\ Bb3}) 21... Nxd5 22.
Rxd5 Qe6 23. e3 (23. Re5 Qxb3 24. Qxb3 Rxb3 25. Raxa5 (25. Rexa5 Bxe2) 25...
Rb1+ 26. Bf1 f6 27. Re7 Kf8) 23... Bb7 24. Re5 Qf6 (24... Qg6 25. Rg5) 25. Bxb7
Rxb7 26. Raxa5 h6 $1 27. Qb1 Qh4 (27... Rcb8 28. Qe4 Rxb3 29. Rxa7) (27... Rbc7
28. Ra1) 28. Qd1 Rb6 29. Rh5 Rg6+ (29... Rg6+ 30. Kf1 Qe7 $44) 1/2-1/2

[Event "Vienna op"]
[Site "Vienna"]
[Date "1996.??.??"]
[Round "7"]
[White "Komarov, Dimitri"]
[Black "Lerner, Konstantin Z"]
[Result "1-0"]
[WhiteElo "2595"]
[BlackElo "2580"]
[Annotator "Chekhov,V"]
[PlyCount "111"]
[EventDate "1996.??.??"]
[EventType "swiss"]
[EventRounds "9"]
[EventCountry "AUT"]
[SourceTitle "CBM 053 Extra"]
[Source "ChessBase"]
[SourceDate "1996.09.01"]
[SourceVersion "1"]
[SourceVersionDate "1996.09.01"]
[SourceQuality "1"]

1. d4 Nf6 2. c4 e6 3. Nf3 b6 4. g3 Ba6 5. b3 Bb4+ 6. Bd2 Be7 7. Bg2 O-O 8. O-O
Bb7 9. Nc3 Na6 10. Rc1 (10. Ne5 Bxg2 11. Kxg2 Qb8 12. e4 Qb7 13. Qf3 d6 14. Nd3
Rad8 15. d5 c6 16. b4 c5 17. bxc5 Nxc5 $13 {Ftacnik,L-Romanishin,O/ITA/1996/0,
5/28/}) 10... Re8 (10... d5 $5) (10... c5 11. Bf4 d5 12. Ne5 h6 13. cxd5 exd5
14. Nd3 cxd4 15. Nb5 Nc5 16. Nxd4 a5 17. Nf5 $36 {Yusupov,A-Bischoff,D/Hamburg/
1991/1|0/37/}) 11. Ne5 Bxg2 12. Kxg2 Qb8 13. e3 $1 Qb7+ 14. Qf3 Qxf3+ 15. Kxf3
$14 c6 16. e4 (16. g4 $5) 16... Rac8 17. Be3 Ba3 $6 (17... d6 $5) 18. Rc2 d6 (
18... Bf8 $5) 19. Nxc6 $1 Rxc6 20. Nb5 Bb4 21. Nxa7 Rc7 (21... Rec8 $5) 22. Nb5
d5 (22... Rc6 23. a3 Ba5 24. b4 Bxb4 (24... Nxb4 25. axb4 Bxb4 26. Rb2 Rxc4 (
26... Ba5 27. d5 exd5 28. exd5 $18) 27. Rfb1 Bc3 28. Rc2 Rec8 29. Rbc1 $18) 25.
axb4 Nxb4 26. Rb2 Na6 (26... Rxc4 27. Nxd6 $18) 27. d5 exd5 28. exd5 Rxc4 29.
Nxd6 $18) 23. e5 Nd7 (23... Ne4 $2 24. Nxc7 Nxc7 25. cxd5 $18) 24. Nxc7 Nxc7
25. Rfc1 f6 (25... Ba3 26. cxd5 Bxc1 (26... Nxd5 27. Rc8 Kf8 28. Rxe8+ Kxe8 29.
Rc8+ Ke7 30. Rg8 Nxe3 (30... g6 31. Bg5+ f6 32. Rg7+ $18) 31. Kxe3 g6 32. Ra8
$16) 27. Rxc7 Bxe3 28. Kxe3 Nf8 29. d6 $16) 26. Ke2 Kf7 (26... fxe5 27. dxe5
Nxe5 28. Bxb6) 27. f4 Ba3 28. Rb1 Bb4 29. Bd2 Be7 30. a4 Ra8 31. Ra1 Bd8 (31...
f5 $5) 32. Kd3 dxc4+ $6 (32... f5 33. a5 (33. c5 $5 b5 34. Rca2) 33... b5 34.
cxb5 Nxb5 $13) 33. bxc4 b5 34. cxb5 Nxb5 35. Rb2 Nc7 36. Rb7 $16 fxe5 37. fxe5
Ke8 38. a5 Nb8 39. Bb4 Kd7 40. Bd6 Kc8 (40... Nba6 41. Rf1 $16) 41. Rb6 Nba6
42. Rc1 Ra7 (42... Kd7 43. Rf1 $16) 43. Bxc7 Nxc7 44. Rxe6 Rxa5 45. Rd6 Ra3+
46. Ke2 (46. Ke4 Bg5 47. Rc2 g6 $132) 46... Ra2+ 47. Kf3 Rxh2 (47... Ra3+ 48.
Kg4 $18) 48. e6 Rd2 49. Rd7 Rd3+ 50. Kg2 Rd2+ 51. Kf1 (51. Kh3 h5 52. d5 g5
$132) 51... Rd3 52. d5 Rxg3 53. d6 Rg6 54. Rcxc7+ Bxc7 55. Rxc7+ Kb8 56. Re7
1-0

[Event "EU-Cup 16th"]
[Site "Neum"]
[Date "2000.09.27"]
[Round "4.2"]
[White "Chernin, Alexander"]
[Black "Tukmakov, Vladimir B"]
[Result "1/2-1/2"]
[WhiteElo "2572"]
[BlackElo "2582"]
[Annotator "Chernin,A"]
[PlyCount "75"]
[EventDate "2000.09.24"]
[EventType "team-swiss"]
[EventRounds "7"]
[EventCountry "BIH"]
[SourceTitle "CBM 080"]
[Source "ChessBase"]
[SourceDate "2001.01.25"]
[SourceVersion "1"]
[SourceVersionDate "2001.01.25"]
[SourceQuality "1"]
[WhiteTeam "Graz Merkur"]
[BlackTeam "Bihac"]
[WhiteTeamCountry "AUT"]
[BlackTeamCountry "BIH"]

1. d4 Nf6 2. c4 e6 3. Nf3 b6 4. g3 Ba6 5. b3 Bb4+ 6. Bd2 Be7 7. Bg2 c6 8. Bc3
d5 9. Ne5 Nfd7 10. Nxd7 Nxd7 11. Nd2 O-O 12. O-O Rc8 13. e4 b5 14. Re1 dxc4 15.
bxc4 bxc4 16. Qa4 Bb5 17. Qc2 Re8 18. Red1 $1 Bf8 19. Bf1 c5 20. d5 exd5 21.
exd5 Nb6 22. a4 Ba6 23. Nf3 $1 Qd6 $146 24. Ng5 Qg6 (24... Qh6 25. Qf5) 25.
Qxg6 hxg6 26. d6 Red8 (26... Rcd8 27. a5 Na8 (27... Nd7 28. Bg2 Nf6 29. Bc6 $16
) 28. Bg2) 27. Bh3 $1 Rc6 (27... f5 28. a5 Nd7 29. Bg2 Nf6 30. Bxf6 gxf6 31.
Bd5+ $18) (27... Nd7 28. Ba5) 28. d7 (28. a5 Nc8 29. d7 Nd6) 28... Be7 $8 29.
a5 (29. f4 Rc7 $1 (29... Bf6 30. Be5 Bxe5 31. fxe5 c3 32. Bg2 c2 33. Bxc6
cxd1=Q+ 34. Rxd1 Be2 35. e6 $1 fxe6 36. Nxe6 Bxd1 37. Nxd8 Bg4 38. Ne6 Nxd7 39.
Bxd7 $18) 30. Rd2 (30. Be5 Rb7 31. a5 $140 Nxd7 32. Bg2 Nxe5 $1 $19) (30. Ra2
f5 31. Ne6 Rcxd7) 30... Bf6 $1 $13 (30... Nxd7 31. Rad1 Bc8 32. Ba5 $18) (30...
Bb7 31. Re1 Kf8 32. Nh7+)) 29... Nxd7 (29... Bxg5 30. axb6 Rxb6 31. Ba5) 30.
Bxd7 Rc7 31. Ne6 fxe6 32. Bxe6+ Kf8 33. Be5 Rb7 $8 (33... Rxd1+ 34. Rxd1 Rc6 (
34... Rb7 35. Bc8) 35. Bd7 $18) 34. Rxd8+ Bxd8 35. Bc8 Re7 36. Bxa6 Rxe5 37.
Bxc4 g5 $11 38. Kf1 1/2-1/2

[Event "Interzonal-14c"]
[Site "Zagreb"]
[Date "1987.??.??"]
[Round "6"]
[White "Kortschnoj, Viktor Lvovich"]
[Black "Polugaevsky, Lev"]
[Result "1-0"]
[WhiteElo "2630"]
[BlackElo "2595"]
[Annotator "ChessBase"]
[PlyCount "81"]
[EventDate "1987.08.01"]
[EventType "tourn"]
[EventRounds "17"]
[EventCountry "YUG"]
[EventCategory "12"]
[SourceTitle "CBM 004"]
[Source "ChessBase"]
[SourceDate "1988.06.01"]
[SourceVersion "1"]
[SourceVersionDate "1988.06.01"]
[SourceQuality "1"]

1. d4 Nf6 2. c4 e6 3. Nf3 b6 4. g3 Ba6 5. Qa4 Bb7 6. Bg2 c5 7. dxc5 Bxc5 8. O-O
O-O 9. Nc3 Be7 10. Bf4 Na6 11. Rad1 Qc8 12. Nb5 Nc5 13. Qc2 Nce4 14. Nc7 (14.
Nd2 $5 {-16.Nd2!?}) 14... Rb8 15. Nb5 Ra8 16. Nd2 $5 Nxd2 17. Bxb7 Qxb7 18.
Rxd2 d5 19. cxd5 Rfc8 $6 (19... Nxd5 $142 20. Qe4 Qa6 21. a4 Nf6 22. Qc2 Rac8
23. Qb3 Rfd8 24. Rfd1 Rxd2 25. Rxd2 Qb7 $10 {Barlov,D}) 20. Qb3 Nxd5 21. Nd6
Bxd6 22. Bxd6 Rd8 23. Be5 Ne7 24. Rfd1 Rxd2 25. Rxd2 Rc8 26. Qd1 Qa8 27. Rd7
Ng6 28. Bc3 Nf8 29. Rd6 f6 30. Qd3 Qb7 31. f3 Rc7 32. Rd8 Kf7 33. Bb4 Ng6 34.
Qb5 Rc6 35. Qd3 Rc7 36. h4 a5 37. Bd2 Qc6 38. Rd6 Qa4 39. Bc3 Qxa2 40. Rxb6 a4
41. Qd8 1-0

[Event "ESP-chTa"]
[Site "Spain"]
[Date "1995.??.??"]
[Round "5"]
[White "Izeta Txabarri, Felix"]
[Black "Gomez Esteban, Juan Mario"]
[Result "0-1"]
[WhiteElo "2495"]
[BlackElo "2425"]
[Annotator "ChessBase"]
[PlyCount "124"]
[EventDate "1995.??.??"]
[EventType "team"]
[EventRounds "9"]
[EventCountry "ESP"]
[SourceTitle "EXT 2000"]
[Source "ChessBase"]
[SourceDate "1999.11.16"]
[SourceVersion "1"]
[SourceVersionDate "1999.11.16"]
[SourceQuality "1"]

1. d4 Nf6 2. Nf3 e6 3. c4 b6 4. g3 Ba6 5. b3 Bb4+ 6. Bd2 Be7 7. Bg2 Bb7 8. Nc3
O-O 9. O-O d5 10. cxd5 exd5 11. Qc2 Na6 12. Rfd1 Qc8 13. Bf4 Rd8 14. Ng5 Qg4
15. a3 h6 16. Nf3 c5 17. Nh4 Qe6 18. Nf5 Bf8 19. Bh3 Qe8 20. Qb2 Nh5 21. Be3
Nc7 22. Rac1 Ne6 23. Bg2 Nf6 24. dxc5 bxc5 25. Na4 d4 26. Bxb7 Rab8 27. Bxd4
Nxd4 28. Nxd4 cxd4 29. Bc6 Qe5 30. b4 a5 31. b5 Ng4 32. h3 Nxf2 33. Kxf2 Qe3+
34. Kf1 Bxa3 35. Qc2 Bxc1 36. Qxc1 Qxg3 37. Rd3 $1 Qh4 38. Qc5 $1 Qf4+ 39. Rf3
Qd2 40. Rd3 Qa2 41. Nb6 Qe6 42. Nd5 Kh8 43. Qxd4 Rd6 44. Qe3 Qf5+ 45. Qf3 Qg5
46. Qg3 Qc1+ 47. Qe1 Qg5 48. Rg3 Qf5+ 49. Rf3 Qe6 50. Nf4 Qc4 51. Nd3 f6 52.
Qxa5 Qd4 53. Qb4 Qa1+ {[#]} 54. Kf2 $4 (54. Qe1) 54... Rxc6 55. Qe4 Qa7+ 56.
Kg2 Rcc8 57. Nf4 Re8 58. Qc4 Rbc8 59. Qb3 Qb7 60. Kf2 Rb8 61. Re3 Rxe3 62. Qxe3
Qxb5 0-1